|
|
|
|
| LEADER |
04428nam a2200829 aa4500 |
| 001 |
nkc20122367222 |
| 003 |
CZ PrNK |
| 005 |
20241101154639.0 |
| 007 |
ta |
| 008 |
120507m20112012xr e f 001 0 cze |
| 015 |
|
|
|a cnb002367222
|z cnb002193423
|
| 020 |
|
|
|a 978-80-7387-469-8
|q (sv. 1 ;
|q brož.)
|
| 020 |
|
|
|a 978-80-7387-555-8
|q (sv. 2 ;
|q brož.)
|
| 035 |
|
|
|a (OCoLC)796019892
|
| 040 |
|
|
|a ABA001
|b cze
|
| 072 |
|
7 |
|a 613
|x Hygiena. Lidské zdraví
|2 Konspekt
|9 14
|
| 080 |
|
|
|a 613
|2 MRF
|
| 080 |
|
|
|a 616.1/.9
|2 MRF
|
| 080 |
|
|
|a 613.2
|2 MRF
|
| 080 |
|
|
|a 616-084
|2 MRF
|
| 080 |
|
|
|a 616-08:615.279
|2 MRF
|
| 080 |
|
|
|a 616-006-08
|2 MRF
|
| 080 |
|
|
|a 614.47
|2 MRF
|
| 080 |
|
|
|a (0.062)
|2 MRF
|
| 100 |
1 |
|
|a Strunecká, Anna,
|d 1944-
|7 nlk19990073902
|4 aut
|
| 245 |
1 |
0 |
|a Doba jedová /
|c Anna Strunecká, Jiří Patočka
|
| 250 |
|
|
|a Vyd. 1.
|
| 260 |
|
|
|a Praha :
|b Triton,
|c 2011-2012
|
| 300 |
|
|
|a 2 sv. (295; 367 s.) ;
|c 20 cm
|
| 504 |
|
|
|a Obsahuje bibliografie a rejstříky
|
| 650 |
0 |
7 |
|a péče o zdraví
|7 ph124852
|2 czenas
|
| 650 |
0 |
7 |
|a civilizační nemoci
|7 ph119250
|2 czenas
|
| 650 |
0 |
7 |
|a zdravý životní styl
|7 ph127592
|2 czenas
|
| 650 |
0 |
7 |
|a racionální výživa
|7 ph124968
|2 czenas
|
| 650 |
0 |
7 |
|a prevence onemocnění
|7 ph137258
|2 czenas
|
| 650 |
0 |
7 |
|a detoxikace organismu
|7 ph134741
|2 czenas
|
| 650 |
0 |
7 |
|a protinádorová terapie
|7 ph165182
|2 czenas
|
| 650 |
0 |
7 |
|a očkování
|7 ph123896
|2 czenas
|
| 650 |
0 |
9 |
|a health care
|2 eczenas
|
| 650 |
0 |
9 |
|a civilization diseases
|2 eczenas
|
| 650 |
0 |
9 |
|a healthy lifestyle
|2 eczenas
|
| 650 |
0 |
9 |
|a healthy eating
|2 eczenas
|
| 650 |
0 |
9 |
|a prevention of diseases
|2 eczenas
|
| 650 |
0 |
9 |
|a detoxification (health)
|2 eczenas
|
| 650 |
0 |
9 |
|a antineoplastic therapy
|2 eczenas
|
| 650 |
0 |
9 |
|a vaccination
|2 eczenas
|
| 655 |
|
7 |
|a populárně-naučné publikace
|7 fd131864
|2 czenas
|
| 655 |
|
9 |
|a popular works
|2 eczenas
|
| 700 |
1 |
|
|a Patočka, Jiří,
|d 1939-
|7 jn20000401939
|4 aut
|
| 856 |
4 |
1 |
|u http://www.digitalniknihovna.cz/mzk/uuid/uuid:c63d69e0-d1ef-11e4-b880-005056825209
|y Digitalizovaný dokument
|z 1-2
|x NDK
|
| 910 |
2 |
|
|a BOA001
|b 1-1266.880
|s 1-2
|
| 990 |
|
|
|a BK
|
| 995 |
|
|
|a 01
|
| 991 |
|
|
|b 201106
|c NOV
|e n
|
| 996 |
6 |
|
|b 2610480105
|c 1-1266.880
|d Sv. 1
|v 1
|l MZK
|r Sklad / do 1 hodiny
|n 25
|p p.v.
|w 001184412
|u 000010
|a 1
|e BOA001
|j MZK50
|s P
|
| 996 |
7 |
|
|b 2610495468
|c 1-1266.880
|d Sv. 1
|v 1
|l Vol.výběr
|r VV 0p
|n 41
|p kup
|h 613 STR
|w 001184412
|u 000020
|a 0
|e BOA001
|j MZK50
|s A
|
| 996 |
7 |
|
|b 2610495469
|c 1-1266.880
|d Sv. 1
|v 1
|l Vol.výběr
|r VV 0p
|n 48
|p kup
|h 613 STR
|w 001184412
|u 000030
|a 0
|e BOA001
|j MZK50
|s A
|
| 996 |
6 |
|
|b 2610510109
|c 1-1266.880
|d Sv. 2
|v 2
|l MZK
|r Sklad / do 1 hodiny
|n 20
|p p.v.
|w 001184412
|u 000040
|a 1
|e BOA001
|j MZK50
|s P
|
| 996 |
7 |
|
|b 2610510717
|c 1-1266.880
|d Sv. 2
|v 2
|l Vol.výběr
|r VV 0p
|n 40
|p kup
|h 613 STR
|w 001184412
|u 000050
|a 0
|e BOA001
|j MZK50
|s A
|
| 996 |
7 |
|
|b 2610510718
|c 1-1266.880
|d Sv. 2
|v 2
|l Vol.výběr
|r VV 0p
|n 30
|p kup
|h 613 STR
|w 001184412
|u 000060
|a 0
|e BOA001
|j MZK50
|s A
|
| 996 |
7 |
|
|b 2610528949
|c 1-1266.880
|d Sv. 1
|v 1
|l Vol.výběr
|r VV 0p
|n 37
|p kup
|h 613 STR
|w 001184412
|u 000070
|a 0
|e BOA001
|j MZK50
|s A
|
| 996 |
7 |
|
|b 2610528950
|c 1-1266.880
|d Sv. 1
|v 1
|l Vol.výběr
|r VV 0p
|n 43
|p kup
|h 613 STR
|w 001184412
|u 000080
|a 0
|e BOA001
|j MZK50
|s A
|
| 996 |
7 |
|
|b 2610528951
|c 1-1266.880
|d Sv. 2
|v 2
|l Vol.výběr
|r VV 0p
|n 38
|p kup
|h 613 STR
|w 001184412
|u 000090
|a 0
|e BOA001
|j MZK50
|s A
|
| 996 |
7 |
|
|b 2610528952
|c 1-1266.880
|d Sv. 2
|v 2
|l Vol.výběr
|r VV 0p
|n 26
|p kup
|h 613 STR
|w 001184412
|u 000100
|a 0
|e BOA001
|j MZK50
|s A
|
| 996 |
7 |
|
|b 2610530923
|c 1-1266.880
|d Sv. 1
|v 1
|l Vol.výběr
|r VV 0p
|n 28
|p kup
|h 613 STR
|w 001184412
|u 000110
|a 0
|e BOA001
|j MZK50
|s A
|
| 996 |
6 |
|
|b 2610530924
|c 1-1266.880
|d Sv. 1
|v 1
|l MZK
|r STM 6p
|n 25
|p kup
|h 613 STR
|w 001184412
|u 000120
|a 0
|e BOA001
|j MZK50
|s P
|
| 996 |
7 |
|
|b 2610530925
|c 1-1266.880
|d Sv. 1
|v 1
|l Vol.výběr
|r VV 0p
|n 40
|p kup
|h 613 STR
|w 001184412
|u 000130
|a 0
|e BOA001
|j MZK50
|s A
|
| 996 |
7 |
|
|b 2610530926
|c 1-1266.880
|d Sv. 1
|v 1
|l Vol.výběr
|r VV 0p
|n 44
|p kup
|h 613 STR
|w 001184412
|u 000140
|a 0
|e BOA001
|j MZK50
|s A
|
| 996 |
7 |
|
|b 2610545951
|c 1-1266.880
|d Sv. 2
|v 2
|l Vol.výběr
|r VV 0p
|n 23
|p kup
|h 613 STR
|w 001184412
|u 000150
|a 0
|e BOA001
|j MZK50
|s A
|
| 996 |
6 |
|
|b 2610545952
|c 1-1266.880
|d Sv. 2
|v 2
|l MZK
|r STM 6p
|n 18
|p kup
|h 613 STR
|w 001184412
|u 000160
|a 0
|e BOA001
|j MZK50
|s P
|
| 996 |
7 |
|
|b 2610545953
|c 1-1266.880
|d Sv. 2
|v 2
|l Vol.výběr
|r VV 0p
|n 38
|p kup
|h 613 STR
|w 001184412
|u 000170
|a 0
|e BOA001
|j MZK50
|s A
|
| 996 |
7 |
|
|b 2610545954
|c 1-1266.880
|d Sv. 2
|v 2
|l Vol.výběr
|r VV 0p
|n 26
|p kup
|h 613 STR
|w 001184412
|u 000180
|a 0
|e BOA001
|j MZK50
|s A
|